[Event "NRW Class2 1617"]
[Site "Germany"]
[Date "2017.03.26"]
[Round "8.1"]
[White "Jens, Jelmer"]
[Black "Orlov, Andrey"]
[Result "1-0"]
[WhiteElo "2386"]
[BlackElo "2481"]
[PlyCount "97"]
[EventDate "2016.09.25"]
[EventType "team-tourn"]
[EventRounds "9"]
[EventCountry "GER"]
[SourceTitle "EXT 2023"]
[Source "ChessBase"]
[SourceDate "2022.10.05"]
[SourceVersion "1"]
[SourceVersionDate "2022.10.05"]
[SourceQuality "1"]
[WhiteTeam "Erkenschwick"]
[BlackTeam "Gerresheim"]
[WhiteTeamCountry "GER"]
[BlackTeamCountry "GER"]

1. e4 e5 2. Nf3 Nc6 3. Bb5 a6 4. Ba4 g6 5. c3 d6 6. d4 Bd7 7. 0-0 Bg7 8. Re1 h6 9. h3 Nge7 10. Be3 0-0 11. Nbd2 b5 12. Bc2 exd4 13. cxd4 f5 14. Bb3+ Kh7 15. d5 f4 16. dxc6 Nxc6 17. Bd5 fxe3 18. Rxe3 Rc8 19. Qb3 Na5 20. Qc2 c6 21. Bb3 d5 22. e5 Bf5 23. Qc5 Nb7 24. Qa7 Qc7 25. Rc1 Ra8 26. Qd4 c5 27. Qh4 Qd8 28. g4 Be6 29. Bc2 Rg8 30. Qh5 Bf8 31. Nh4 Qg5 32. Ndf3 Qxh5 33. gxh5 Kg7 34. hxg6 d4 35. Re4 Be7 36. Kh2 Rad8 37. Rd1 Rgf8 38. Kg3 a5 39. Rf4 a4 40. Nf5+ Bxf5 41. Rxf5 d3 42. Rxf8 Bxf8 43. Rxd3 Rxd3 44. Bxd3 c4 45. Bc2 Bc5 46. Nh4 a3 47. Nf5+ Kf8 48. g7+ Kg8 49. Be4 1-0

[Event "NED-CupT"]
[Site "Leiden"]
[Date "2017.03.18"]
[Round "1.4"]
[White "Jens, Jelmer"]
[Black "Dek, Lennart"]
[Result "1-0"]
[WhiteElo "2386"]
[BlackElo "2266"]
[PlyCount "93"]
[EventDate "2017.03.18"]
[EventType "team-match"]
[EventRounds "1"]
[EventCountry "NED"]
[SourceTitle "EXT 2018"]
[Source "ChessBase"]
[SourceDate "2017.10.13"]
[SourceVersion "1"]
[SourceVersionDate "2017.10.13"]
[SourceQuality "1"]
[WhiteTeam "Leiden LSG"]
[BlackTeam "Kennemer Combinatie"]
[WhiteTeamCountry "NED"]
[BlackTeamCountry "NED"]

1. e4 c5 2. Nf3 Nc6 3. Bb5 Nf6 4. Bxc6 dxc6 5. d3 Bg4 6. Nbd2 Nd7 7. h3 Bh5 8. g4 Bg6 9. Nh4 e5 10. Nf5 f6 11. Nc4 Qc7 12. Qf3 Bf7 13. h4 Nb6 14. b3 Nxc4 15. bxc4 h6 16. a4 0-0-0 17. a5 Be6 18. h5 Rg8 19. Be3 Bxf5 20. gxf5 Bd6 21. Ke2 Rgf8 22. Rhb1 Rd7 23. Ra2 Qd8 24. Qh1 Qe8 25. Kf3 Rff7 26. Kg4 Qe7 27. f3 Rc7 28. Qg1 Kd8 29. Qf2 Rd7 30. c3 Ke8 31. Rd1 Qd8 32. d4 cxd4 33. cxd4 exd4 34. Rxd4 a6 35. f4 Bc7 36. e5 fxe5 37. Re4 Rde7 38. Bc5 Qd7 39. fxe5 Rxe5 40. Rxe5+ Bxe5 41. Re2 Qd1 42. Qe1 Qd3 43. Rxe5+ Kd7 44. Re7+ Rxe7 45. Qxe7+ Kc8 46. Qe8+ Kc7 47. Bb6+ 1-0